| 000 | 00858nam a2200217 a 4500 | ||
|---|---|---|---|
| 008 | 951211s1981||||[C 0 slo c | ||
| 020 |
_c20 Kčs. _q(18000 výtl.) |
||
| 040 |
_aSNK _bslo _cSNK _eAACR2 |
||
| 041 | 1 |
_aslo _hrus |
|
| 044 |
_axo _cSK |
||
| 080 | _a1 100.1(081.1) | ||
| 100 | 1 |
_aLenin, Vladimir Iľjič _4aut |
|
| 245 | 1 | 0 |
_aZobrané spisy. /Zv./ 10. Marec-jún 1905 _cVladimir Iľjič Lenin ; Miroslav Řehák, Oto Takáč |
| 250 | _a2., vyd. | ||
| 260 |
_aBratislava _bPravda _c1981 _eBratislava _fPravda |
||
| 300 |
_a671 s., 36,42 AH _b1 text. príl. _c21 cm |
||
| 500 | _aLit. 79. Pozn. Životopisné údaje. Reg. lit. prác a pramenöv a men. Faksim. rkp. Zozn. nenájdených prác V. I. Lenina. 79 zázn. lit. o knihách a čl. v jaz. slov., čes., rus. | ||
| 700 | 1 |
_aŘehák, Miroslav _4trl |
|
| 700 | 1 |
_aTakáč, Oto _4bkd |
|
| 958 | _aA | ||
| 999 |
_c15431 _d15431 |
||